Normal view
MARC view
Entry Topical Term
001 - CONTROL NUMBER
- control field: 47786
003 - CONTROL NUMBER IDENTIFIER
- control field: ARRUPE
005 - DATE AND TIME OF LATEST TRANSACTION
- control field: 20190814113220.0
008 - FIXED-LENGTH DATA ELEMENTS
- fixed length control field: 190814|| aca||aabn | a|a d
040 ## - CATALOGING SOURCE
- Original cataloging agency: ARRUPE
- Transcribing agency: ARRUPE
150 ## - HEADING--TOPICAL TERM
- Topical term or geographic name as entry element: Books
- Geographic subdivision: Europe
- General subdivision: History
- Chronological subdivision: 1450-1600
670 ## - SOURCE DATA FOUND
- Source citation: Work cat.: (ARRUPE)0: Pettegree, Andrew. 47781, The book in the Renaissance /, c2010.